Исследование масляно-смоляных композиций, включающих модифицированные винилбутиловым эфиром нефтеполимерные смолы; Известия Томского политехнического университета [Известия ТПУ]; Т. 319, № 3 : Химия
| Parent link: | Известия Томского политехнического университета [Известия ТПУ]/ Томский политехнический университет (ТПУ).— , 2000- Т. 319, № 3 : Химия.— 2011.— [С. 157-161] |
|---|---|
| Main Author: | |
| Other Authors: | , |
| Summary: | Заглавие с титульного листа Электронная версия печатной публикации Смешением модифицированных винилбутиловым эфиром нефтеполимерных смол и окисленного подсолнечного масла получены масляно-смоляные композиции при комнатной температуре. Показано, что использование модифицированных смол в масляно-смоляных композициях позволяет сэкономить до 60 % окисленного подсолнечного масла без ухудшения свойств. |
| Language: | Russian |
| Published: |
2011
|
| Series: | Химия |
| Subjects: | |
| Online Access: | http://www.lib.tpu.ru/fulltext/v/Bulletin_TPU/2011/v319/i3/35.pdf |
| Format: | MixedMaterials Electronic Book Chapter |
| KOHA link: | https://koha.lib.tpu.ru/cgi-bin/koha/opac-detail.pl?biblionumber=204149 |
MARC
| LEADER | 00000nla2a2200000 4500 | ||
|---|---|---|---|
| 001 | 204149 | ||
| 005 | 20240119145538.0 | ||
| 035 | |a (RuTPU)RU\TPU\book\222493 | ||
| 035 | |a RU\TPU\book\222491 | ||
| 090 | |a 204149 | ||
| 100 | |a 20111120d2011 k y0rusy50 ca | ||
| 101 | 0 | |a rus | |
| 102 | |a RU | ||
| 135 | |a drnn ---uucaa | ||
| 181 | 0 | |a i | |
| 182 | 0 | |a b | |
| 200 | 1 | |a Исследование масляно-смоляных композиций, включающих модифицированные винилбутиловым эфиром нефтеполимерные смолы |f В. Г. Бондалетов, Л. И. Бондалетова, Ю. Б. Варакина | |
| 203 | |a Текст |c электронный | ||
| 215 | |a 1 файл (107 Кб) | ||
| 225 | 1 | |a Химия | |
| 300 | |a Заглавие с титульного листа | ||
| 300 | |a Электронная версия печатной публикации | ||
| 320 | |a [Библиогр.: с. 161 (12 назв.)] | ||
| 330 | |a Смешением модифицированных винилбутиловым эфиром нефтеполимерных смол и окисленного подсолнечного масла получены масляно-смоляные композиции при комнатной температуре. Показано, что использование модифицированных смол в масляно-смоляных композициях позволяет сэкономить до 60 % окисленного подсолнечного масла без ухудшения свойств. | ||
| 337 | |a Adobe Reader | ||
| 461 | 1 | |0 (RuTPU)RU\TPU\book\176237 |t Известия Томского политехнического университета [Известия ТПУ] |f Томский политехнический университет (ТПУ) |d 2000- | |
| 463 | 1 | |0 (RuTPU)RU\TPU\book\222246 |x 1684-8519 |t Т. 319, № 3 : Химия |v [С. 157-161] |d 2011 |p 194 с. | |
| 610 | 1 | |a масляно-смоляные композиции | |
| 610 | 1 | |a нефтеполимерные смолы | |
| 610 | 1 | |a винилбутиловые эфиры | |
| 610 | 1 | |a модификация | |
| 610 | 1 | |a труды учёных ТПУ | |
| 610 | 1 | |a электронный ресурс | |
| 700 | 1 | |a Бондалетов |b В. Г. |c химик-технолог |c профессор Томского политехнического университета, доктор технических наук |f 1957- |g Владимир Григорьевич |3 (RuTPU)RU\TPU\pers\25605 |9 11534 | |
| 701 | 1 | |a Бондалетова |b Л. И. |c химик-технолог |c доцент Томского политехнического университета, кандидат химических наук |f 1956- |g Людмила Ивановна |3 (RuTPU)RU\TPU\pers\25852 |9 11721 | |
| 701 | 1 | |a Варакина |b Ю. Б. |c специалист в области органического синтеза |c магистрант Томского политехнического университета |f 1988- |g Юлия Борисовна |3 (RuTPU)RU\TPU\pers\28903 | |
| 801 | 1 | |a RU |b 63413507 |c 20090623 |g PSBO | |
| 801 | 2 | |a RU |b 63413507 |c 20160614 |g PSBO | |
| 856 | 4 | |u http://www.lib.tpu.ru/fulltext/v/Bulletin_TPU/2011/v319/i3/35.pdf | |
| 942 | |c CF | ||